Normal view MARC view

Entry Materia

Number of records used in: 3

001 - NÚMERO DE CONTROL DEL REGISTRO

  • campo de control: 43748

003 - IDENTIFICADOR DE NUMERO DE CONTROL

  • campo de control: UPN

005 - FECHA Y HORA DE LA ÚLTIMA TRANSACCIÓN

  • campo de control: 20240924111107.0

008 - DATOS DE LONGITUD FIJA

  • campo de control de longitud fija: 220215|| acna|bban | a|a d

040 ## - FUENTE DE LA CATALOGACIÓN

  • Centro catalogador de origen: UPN